Catálogo monumental de la provincia de Ávila / (Record no. 73550)

MARC details
000 -LEADER
campo de control de longitud fija 00940nam a2200253 i 4500
001 - NÚMERO DE CONTROL
campo de control 73550
003 - IDENTIFICADOR DE NÚMERO DE CONTROL
campo de control ES-MaACL
005 - FECHA Y HORA DE LA ÚLTIMA TRANSACCIÓN
campo de control 20240315063015.0
007 - CAMPO FIJO DE DESCRIPCIÓN FÍSICA--INFORMACIÓN GENERAL
campo de control de longitud fija t|
008 - DATOS DE LONGITUD FIJA--INFORMACIÓN GENERAL
campo de control de longitud fija 040908s1983 sp f |||| | spa d
020 ## - NÚMERO INTERNACIONAL ESTÁNDAR DEL LIBRO
Número Internacional Estándar del Libro 84-00-05470-9 (O.C.)
100 1# - ENTRADA PRINCIPAL--NOMBRE DE PERSONA
Nombre de persona Gómez-Moreno, Manuel,
Fechas asociadas al nombre 1870-1970
9 (RLIN) 58066
245 10 - MENCIÓN DEL TÍTULO
Título Catálogo monumental de la provincia de Ávila /
Mención de responsabilidad, etc. Manuel Gómez-Moreno ; edición revisada y preparada por Áurea de la Morena y Teresa Pérez Higuera.
260 ## - PUBLICACIÓN, DISTRIBUCIÓN, ETC.
Lugar de publicación, distribución, etc. Ávila :
Nombre del editor, distribuidor, etc. Institución Gran Duque de Alba,
Fecha de publicación, distribución, etc. 1983.
300 ## - DESCRIPCIÓN FÍSICA
Extensión 3 v. ;
Dimensiones 25 cm.
505 8# - NOTA DE CONTENIDO CON FORMATO
Nota de contenido con formato Contiene: I: Texto - II: Láminas I - III: Láminas II
650 #4 - PUNTO DE ACCESO ADICIONAL DE MATERIA--TÉRMINO DE MATERIA
Término de materia o nombre geográfico como elemento de entrada Monumentos-
Subdivisión geográfica Ávila (Provincia)
9 (RLIN) 169644
700 1# - ENTRADA AGREGADA--NOMBRE PERSONAL
Nombre de persona Morena, Aurea de la.
9 (RLIN) 83258
700 1# - ENTRADA AGREGADA--NOMBRE PERSONAL
Nombre de persona Pérez Higuera, Teresa.
9 (RLIN) 90943
710 2# - ENTRADA AGREGADA--NOMBRE DE ENTIDAD CORPORATIVA
Nombre de entidad corporativa o nombre de jurisdicción como elemento de entrada Institución Gran Duque de Alba.
9 (RLIN) 4723
852 ## - LOCALIZACIÓN
Ubicación ES-MaACL
Número de control de estantería L-8305-07
852 ## - LOCALIZACIÓN
Ubicación ES-MaACL
Número de control de estantería L-8308-10
Holdings
Estatus retirado Estado de pérdida Estado de daño No para préstamo Biblioteca de origen Biblioteca actual Ubicación en estantería Fecha de adquisición Fuente de adquisición Total de préstamos Signatura topográfica completa Código de barras Visto por última vez Precio de reemplazo Tipo de ítem Koha
        Biblioteca del Ateneo de Madrid Biblioteca del Ateneo de Madrid Depósito 2 17/01/2008     L-8308-10 1076985 23/02/2023 23/02/2023 Libro impreso
        Biblioteca del Ateneo de Madrid Biblioteca del Ateneo de Madrid Depósito 2 17/01/2008     L-8305-07 1076984 23/02/2023 23/02/2023 Libro impreso